[Event "World Youth Open U16 2016"]
[Site "Khanty-Mansiysk RUS"]
[Date "2016.10.01"]
[Round "9.39"]
[White "Wang, Ting-Hao"]
[Black "Kristensen, Bjarke Hautop"]
[Result "1/2-1/2"]
[WhiteElo "1618"]
[BlackElo "2039"]
[WhiteFideId "16300602"]
[BlackFideId "1437747"]
[EventDate "2016.09.22"]

1. e4 c5 2. Nc3 Nc6 3. g3 g6 4. Bg2 Bg7 5. d3 d6 6. Nge2 e6 7. Be3 Nge7 8. O-O
Nd4 9. Qd2 O-O 10. Nd1 d5 11. c3 Nxe2+ 12. Qxe2 d4 13. Bd2 dxc3 14. Bxc3 b6 15.
Bxg7 Kxg7 16. Nc3 Ba6 17. Rfd1 Qd4 18. Qc2 Rfd8 19. Ne2 Qd7 20. Qc3+ Kg8 21. Qf6
Nc6 22. e5 Qc7 23. Nf4 Nxe5 24. Re1 Nxd3 25. Nxd3 Bxd3 26. Bxa8 Rxa8 27. Qf3 Rd8
28. Red1 Qd7 29. Rd2 Kg7 30. Rc1 e5 31. Rcd1 c4 32. Re1 f6 33. Rc1 Qd4 34. Qb7+
Rd7 35. Qc6 Qd5 36. Rxc4 Qxc6 37. Rxc6 e4 1/2-1/2

[Event "World Youth Open U16 2016"]
[Site "Khanty-Mansiysk RUS"]
[Date "2016.10.01"]
[Round "9.40"]
[White "Zubehhin, Aleksei"]
[Black "Herath, H M A K"]
[Result "1/2-1/2"]
[WhiteElo "1866"]
[BlackElo "1860"]
[WhiteFideId "4503554"]
[BlackFideId "9910859"]
[EventDate "2016.09.22"]

1. d4 d5 2. c4 e6 3. Nc3 Nf6 4. Nf3 Bb4 5. Qa4+ Nc6 6. Ne5 Bxc3+ 7. bxc3 Bd7 8.
Nxd7 Nxd7 9. cxd5 Nb6 10. Qc2 Qxd5 11. e4 Qa5 12. Bd2 O-O 13. Bd3 e5 14. d5 Ne7
15. c4 Qa4 16. Qxa4 Nxa4 17. Bb4 Rfe8 18. c5 a5 19. Ba3 c6 20. d6 Ng6 21. Bc2
Nc3 22. Bb2 Nb5 23. a4 Nd4 24. Bxd4 exd4 25. Rb1 Rab8 26. Kd2 Re5 27. d7 Kf8 28.
Rxb7 Rd8 29. g3 Rxc5 30. f4 Ke7 31. Bb3 Rc3 32. Rc1 Rxc1 33. Kxc1 f6 34. Ra7
Rxd7 35. Rxa5 Kd6 36. Kc2 Rb7 37. Bc4 Ne7 38. e5+ fxe5 39. fxe5+ Kc7 40. Kd3 Kb6
41. Ra8 Kc5 42. a5 Nd5 43. Bxd5 Kxd5 44. e6 c5 45. a6 c4+ 46. Kc2 Re7 47. Rb8
Kxe6 48. Rb7 Re8 49. a7 Ra8 50. Rxg7 h5 51. h4 Kf5 52. Kd2 Ke4 53. g4 c3+ 54.
Kc2 Rc8 55. Re7+ Kf4 56. gxh5 d3+ 57. Kxd3 c2 58. Re1 Ra8 59. Kxc2 Rxa7 60. Rg1
Ra5 1/2-1/2

[Event "World Youth Open U16 2016"]
[Site "Khanty-Mansiysk RUS"]
[Date "2016.10.01"]
[Round "9.42"]
[White "Van der Meer, Anthony"]
[Black "Maerevoet, Sim"]
[Result "0-1"]
[WhiteElo "1073"]
[BlackElo "1771"]
[WhiteFideId "15200760"]
[BlackFideId "241725"]
[EventDate "2016.09.22"]

1. e4 g6 2. d4 Bg7 3. f4 d6 4. Nc3 e6 5. Bd3 Ne7 6. Nf3 Nd7 7. O-O a6 8. e5 d5
9. Ne2 c5 10. c3 b6 11. b4 Qc7 12. Bb2 Bb7 13. Ng3 Nc6 14. bxc5 bxc5 15. Ba3 Qa5
16. Qb3 Rb8 17. Bc2 c4 18. Qb2 Ba8 19. Qc1 Qxc3 20. Rb1 Rxb1 21. Bxb1 Qxc1 22.
Rxc1 Bf8 23. Bxf8 Rxf8 24. Ne2 Ke7 25. Ng5 h6 26. Nf3 Rb8 27. h3 Na7 28. Nd2 Nb5
29. Kf2 Na3 30. Ke3 Nb6 31. Rc3 Nxb1 32. Nxb1 Na4 33. Ra3 Bc6 34. Nbc3 Rb4 35.
Nxa4 Bxa4 36. Nc3 Bb5 37. Ra5 Kd7 38. a4 Rb3 39. axb5 Rxc3+ 40. Ke2 axb5 41.
Rxb5 Rd3 42. Rb7+ Ke8 0-1

[Event "World Youth Open U16 2016"]
[Site "Khanty-Mansiysk RUS"]
[Date "2016.10.02"]
[Round "10.1"]
[White "Fakhrutdinov, Timur"]
[Black "Martirosyan, Haik M."]
[Result "1/2-1/2"]
[WhiteTitle "FM"]
[BlackTitle "IM"]
[WhiteElo "2419"]
[BlackElo "2470"]
[WhiteFideId "24176702"]
[BlackFideId "13306553"]
[EventDate "2016.09.22"]

1. e4 e6 2. d4 d5 3. Nc3 Bb4 4. exd5 exd5 5. Bd3 Nf6 6. Ne2 c6 7. O-O O-O 8. Ng3
Re8 9. h3 Nbd7 10. Qf3 Nf8 11. a3 Be7 12. Nf5 Bxf5 13. Bxf5 g6 14. Bd3 Ne6 15.
Ne2 Bf8 16. c3 Ne4 1/2-1/2

[Event "World Youth Open U16 2016"]
[Site "Khanty-Mansiysk RUS"]
[Date "2016.10.02"]
[Round "10.2"]
[White "Triapishko, Olexandr"]
[Black "Maghsoodloo, Parham"]
[Result "1-0"]
[WhiteElo "2458"]
[BlackElo "2566"]
[WhiteFideId "14122286"]
[BlackFideId "12539929"]
[EventDate "2016.09.22"]

1. e4 d6 2. d4 g6 3. Nc3 Bg7 4. Be3 c6 5. Qd2 b5 6. Bd3 Bb7 7. Nf3 Nd7 8. O-O a6
9. a4 b4 10. Ne2 a5 11. c3 bxc3 12. bxc3 Qc7 13. Ng3 e6 14. Rfe1 h6 15. Rad1 Ne7
16. c4 c5 17. d5 e5 18. h3 Bc8 19. Rb1 Nb8 20. Nh2 Na6 21. f4 Nb4 22. Nf3 h5 23.
fxe5 dxe5 24. Bf1 Ng8 25. d6 Qc6 26. Red1 Bd7 27. Ne2 Qxe4 28. Nc3 Qc6 29. Nb5
Kf8 30. Qf2 h4 31. Bxc5 Rh5 32. Rd5 Nxd5 33. cxd5 Qc8 34. Nc7 Nf6 35. Nxa8 Qxa8
36. Ba7 Qxd5 37. Rb8+ Ne8 38. Bb5 Bxb5 39. axb5 Qd1+ 40. Ne1 e4 41. Rd8 e3 42.
Qxe3 Re5 43. d7 Rxe3 44. dxe8=Q+ Rxe8 45. Rxd1 Bc3 46. Bc5+ Kg7 47. Nf3 Rc8 48.
Bd4+ Bxd4+ 49. Nxd4 Rc4 50. Kf2 Kf6 51. Ke3 Ke5 52. Nc6+ Ke6 53. Rb1 1-0

[Event "World Youth Open U16 2016"]
[Site "Khanty-Mansiysk RUS"]
[Date "2016.10.02"]
[Round "10.3"]
[White "Gholami, Aryan"]
[Black "Livaic, Leon"]
[Result "0-1"]
[WhiteTitle "FM"]
[BlackTitle "FM"]
[WhiteElo "2435"]
[BlackElo "2436"]
[WhiteFideId "12513342"]
[BlackFideId "14531534"]
[EventDate "2016.09.22"]

1. c4 e5 2. Nc3 Nc6 3. g3 g6 4. Bg2 Bg7 5. d3 d6 6. Nf3 Nf6 7. O-O O-O 8. a3 h6
9. Bd2 a5 10. Rb1 Be6 11. Qc1 Kh7 12. b4 axb4 13. axb4 Qd7 14. b5 Ne7 15. Rd1
Bh3 16. Bh1 Ng4 17. Ne4 Kh8 18. Bb4 f5 19. Nc3 c5 20. bxc6 bxc6 21. Rb3 Rab8 22.
Qa3 Qe6 23. Ne1 c5 24. Ba5 Rxb3 25. Qxb3 e4 26. Nd5 Nxd5 27. cxd5 Qf6 28. Bd2 f4
29. dxe4 fxg3 30. Qxg3 Nxf2 31. Nf3 Nxd1 32. Qxh3 h5 33. Bg2 Nc3 34. e5 Nxe2+
35. Kf2 Qxe5 36. Qe6 Nd4 37. Qxg6 Qe2+ 38. Kg3 Rxf3+ 39. Kh4 Nf5+ 40. Kxh5 Rg3+ 0-1

[Event "World Youth Open U16 2016"]
[Site "Khanty-Mansiysk RUS"]
[Date "2016.10.02"]
[Round "10.4"]
[White "Tran, Minh Thang"]
[Black "Nikitenko, Mihail"]
[Result "1-0"]
[WhiteTitle "FM"]
[WhiteElo "2293"]
[BlackElo "2399"]
[WhiteFideId "12401080"]
[BlackFideId "13506862"]
[EventDate "2016.09.22"]

1. d4 Nf6 2. c4 g6 3. Nf3 Bg7 4. g3 O-O 5. Bg2 d6 6. O-O Nc6 7. Nc3 e5 8. d5 Nb8
9. Ne1 a5 10. a3 Nfd7 11. Nd3 Na6 12. e4 Ndc5 13. Nxc5 Nxc5 14. Be3 f5 15. exf5
gxf5 16. Qc2 Bd7 17. b4 axb4 18. axb4 Na6 19. Qb3 Qf6 20. Rfe1 Rae8 21. c5 Nb8
22. Ra7 f4 23. Ne4 Qf7 24. Bd2 Nc6 25. Rxb7 Nd4 26. Qd3 f3 27. Bf1 Qxd5 28. Nxd6
Kh8 29. Rxc7 Bh3 30. Bh6 Bxf1 31. Bxg7+ Kg8 32. Qxf1 1-0

[Event "World Youth Open U16 2016"]
[Site "Khanty-Mansiysk RUS"]
[Date "2016.10.02"]
[Round "10.5"]
[White "Elistratov, Semen"]
[Black "Costachi, Mihnea"]
[Result "0-1"]
[WhiteTitle "FM"]
[BlackTitle "FM"]
[WhiteElo "2371"]
[BlackElo "2420"]
[WhiteFideId "24134325"]
[BlackFideId "1217518"]
[EventDate "2016.09.22"]

1. e4 e5 2. Nf3 Nc6 3. Bb5 a6 4. Ba4 Nf6 5. O-O Be7 6. Re1 b5 7. Bb3 O-O 8. h3
Bb7 9. d3 d5 10. exd5 Nxd5 11. Nxe5 Nxe5 12. Rxe5 Bf6 13. Re1 c5 14. c3 Qc7 15.
Nd2 Rad8 16. Bc2 g6 17. Ne4 Bg7 18. Bd2 h6 19. Qc1 f5 20. Ng3 Kh7 21. c4 Nb6 22.
Bc3 Bxc3 23. bxc3 Rf7 24. cxb5 axb5 25. Bb3 Qc6 26. f3 c4 27. dxc4 bxc4 28. Bd1
Nd5 29. Kh2 Qc7 30. Rb1 Ba8 31. Ba4 Nf4 32. Re8 Rxe8 33. Bxe8 Re7 34. Ba4 Re2
35. Bd1 Rxg2+ 0-1

[Event "World Youth Open U16 2016"]
[Site "Khanty-Mansiysk RUS"]
[Date "2016.10.02"]
[Round "10.6"]
[White "Tahbaz, Arash"]
[Black "Pultinevicius, Paulius"]
[Result "1-0"]
[WhiteElo "2420"]
[BlackElo "2351"]
[WhiteFideId "12528846"]
[BlackFideId "12809390"]
[EventDate "2016.09.22"]

1. Nf3 Nf6 2. g3 d5 3. Bg2 e6 4. O-O c5 5. d3 Nc6 6. Nbd2 Be7 7. e4 b6 8. Re1
Bb7 9. c3 Qc7 10. Qe2 O-O 11. e5 Nd7 12. Nf1 b5 13. h4 Rfe8 14. N1h2 a5 15. h5
c4 16. d4 b4 17. h6 g6 18. Bg5 Bf8 19. Ng4 a4 20. a3 bxa3 21. bxa3 Na7 22. Nd2
Nb5 23. Nb1 Ra6 24. Qf3 Rb6 25. Qf4 Na7 26. Re3 Rb3 27. Bf6 Nc6 28. Bg7 Bxg7 29.
hxg7 Qd8 30. Rf3 Kxg7 31. Qh6+ 1-0

[Event "World Youth Open U16 2016"]
[Site "Khanty-Mansiysk RUS"]
[Date "2016.10.02"]
[Round "10.7"]
[White "Hilby, Craig"]
[Black "Kevlishvili, Robby"]
[Result "0-1"]
[WhiteTitle "FM"]
[BlackTitle "FM"]
[WhiteElo "2319"]
[BlackElo "2402"]
[WhiteFideId "2062674"]
[BlackFideId "1040634"]
[EventDate "2016.09.22"]

1. e4 c5 2. Nf3 d6 3. d4 cxd4 4. Nxd4 Nf6 5. Nc3 a6 6. Be3 e6 7. g4 h6 8. Bg2
Nc6 9. h3 Be7 10. f4 Nd7 11. O-O O-O 12. Nde2 b5 13. Qd2 Rb8 14. e5 d5 15. Nd4
Nxd4 16. Bxd4 b4 17. Ne2 a5 18. Kh1 Ba6 19. Rg1 Bxe2 20. Qxe2 Bc5 21. Bxc5 Nxc5
22. Qe3 Rc8 23. a3 Qh4 24. axb4 axb4 25. Kh2 Rfd8 26. Ra7 d4 27. Qf3 d3 28. f5
Qg5 29. cxd3 Rxd3 30. Qf1 Rd2 31. Qc4 Qe3 32. fxe6 Qxe5+ 33. Kh1 Qxe6 34. Qxb4
Re2 35. Qd4 Ne4 36. Bxe4 Rxe4 37. Qd7 Qxd7 38. Rxd7 Re3 39. Kh2 Rb8 40. Rg2 Rbb3
41. h4 Rh3+ 42. Kg1 Rxh4 43. Rd4 Kh7 44. Rf2 f6 45. Kg2 h5 0-1

[Event "World Youth Open U16 2016"]
[Site "Khanty-Mansiysk RUS"]
[Date "2016.10.02"]
[Round "10.8"]
[White "Tabatabaei, M.amin"]
[Black "Agmanov, Zhandos"]
[Result "1-0"]
[WhiteTitle "IM"]
[BlackTitle "FM"]
[WhiteElo "2493"]
[BlackElo "2316"]
[WhiteFideId "12521213"]
[BlackFideId "13708309"]
[EventDate "2016.09.22"]

1. d4 Nf6 2. c4 e6 3. Nf3 Bb4+ 4. Nc3 b6 5. e3 Bb7 6. Bd3 O-O 7. O-O d5 8. a3
Bd6 9. b4 dxc4 10. Bxc4 a6 11. Bb2 Nbd7 12. Rc1 e5 13. h3 exd4 14. Nxd4 Ne5 15.
Ba2 c5 16. Nf5 Bc7 17. bxc5 Nd3 18. cxb6 Be5 19. f4 Bxc3 20. Rxc3 Nxb2 21. Qb3
Qd2 22. Rc2 Qd3 23. Qxd3 Nxd3 24. Nd6 Bd5 25. Bxd5 Nxd5 26. b7 Rab8 27. Rc8 Ne7
28. Rc3 Nb2 29. e4 Rfd8 30. e5 Na4 31. Rc7 Nd5 32. Rc6 Ne7 33. Rxa6 Nc5 34. Rb6
f6 35. Rb5 fxe5 36. fxe5 Nd7 37. Rd1 Nc6 38. Nc4 Nf8 39. Rxd8 Nxd8 40. Nd6 Nfe6
41. a4 Nd4 42. Rb6 N4c6 43. Ra6 Kf8 44. Ra8 Ne6 45. Ra6 Nxe5 46. a5 Ke7 47. Ra8
Nc6 48. a6 Kxd6 49. Rxb8 Nxb8 50. a7 Kc7 1-0

[Event "World Youth Open U16 2016"]
[Site "Khanty-Mansiysk RUS"]
[Date "2016.10.02"]
[Round "10.9"]
[White "Moroni, Luca Jr"]
[Black "Urban, Konstantin"]
[Result "1/2-1/2"]
[WhiteTitle "FM"]
[WhiteElo "2459"]
[BlackElo "2361"]
[WhiteFideId "865834"]
[BlackFideId "12927511"]
[EventDate "2016.09.22"]

1. d4 Nf6 2. c4 g6 3. Nf3 Bg7 4. g3 O-O 5. Bg2 d6 6. Nc3 c5 7. d5 a6 8. a4 e6 9.
O-O exd5 10. cxd5 Re8 11. Bf4 Ne4 12. Nxe4 Rxe4 13. Nd2 Rb4 14. b3 Nd7 15. Bxd6
Qf6 16. Bc7 Qxa1 17. Qxa1 Bxa1 18. Rxa1 b6 19. e4 Bb7 20. Nc4 Rxb3 21. Nd6 Ra7
22. Nxb7 Rxb7 23. d6 Ra7 24. f4 Nf8 25. e5 c4 26. Bd5 Rb4 27. Rf1 c3 28. Rc1 Rd4
29. Bxb6 Rxd5 30. Bxa7 f6 31. exf6 Rxd6 32. Rxc3 Nd7 33. h3 Kf7 34. Kg2 Kxf6 35.
Kf3 g5 36. Kg4 gxf4 37. gxf4 h5+ 38. Kf3 Kf5 39. Be3 Nf6 40. Rc5+ Rd5 41. Rc6
Rd3 42. Ke2 Ra3 43. Rc5+ Ke6 44. Re5+ Kd7 45. Ra5 Ne4 46. Rxa6 Nc3+ 47. Ke1 Ne4
48. Bd4 Rxh3 49. f5 Rh1+ 50. Ke2 Ng3+ 51. Kf3 Nxf5 1/2-1/2

[Event "World Youth Open U16 2016"]
[Site "Khanty-Mansiysk RUS"]
[Date "2016.10.02"]
[Round "10.10"]
[White "Sorokin, Aleksey"]
[Black "Nguyen, Dang Hong Phuc"]
[Result "1/2-1/2"]
[WhiteTitle "FM"]
[WhiteElo "2437"]
[BlackElo "2209"]
[WhiteFideId "24176460"]
[BlackFideId "12402761"]
[EventDate "2016.09.22"]

1. d4 Nf6 2. c4 e6 3. Nf3 b6 4. a3 Ba6 5. Qc2 Bb7 6. Nc3 c5 7. e4 cxd4 8. Nxd4
Nc6 9. Nxc6 Bxc6 10. Be2 Qc7 11. Be3 Bd6 12. g3 Be5 13. O-O O-O 14. Bd3 Bxc3 15.
bxc3 d6 16. f3 e5 17. Rfd1 Nd7 18. Qd2 Ba4 19. Bc2 Bxc2 20. Qxc2 Nc5 21. Bxc5
Qxc5+ 22. Kg2 Rac8 23. a4 Rc6 24. Qe2 Rd8 25. a5 Qxc4 26. Qxc4 Rxc4 27. axb6
axb6 28. Ra6 1/2-1/2

[Event "World Youth Open U16 2016"]
[Site "Khanty-Mansiysk RUS"]
[Date "2016.10.02"]
[Round "10.11"]
[White "Stabulnieks, Klavs"]
[Black "Lobanov, Sergei"]
[Result "0-1"]
[WhiteElo "2069"]
[BlackElo "2432"]
[WhiteFideId "11603984"]
[BlackFideId "24183750"]
[EventDate "2016.09.22"]

1. d4 Nf6 2. c4 e6 3. Nc3 Bb4 4. f3 c5 5. d5 O-O 6. e4 d6 7. Ne2 b5 8. Nf4 e5 9.
Ne2 Nh5 10. Be3 f5 11. Qc2 fxe4 12. fxe4 Bg4 13. O-O-O Bxc3 14. Qxc3 Rxf1 15.
Rdxf1 Bxe2 16. Rf5 Bg4 17. Bg5 Qe8 18. Rf2 Qg6 19. Qe3 h6 20. Be7 Na6 21. cxb5
Nc7 22. a4 Re8 23. Bh4 Nf4 24. Rd2 Qh5 25. Bg3 Ne2+ 26. Kb1 Nd4 27. Rc1 Na8 28.
Bf2 Qg6 29. Qd3 Nb6 30. Ka2 Nxa4 31. Qa3 Nb6 32. Qd3 Bd7 33. Bxd4 exd4 34. Re1
Kh7 0-1

[Event "World Youth Open U16 2016"]
[Site "Khanty-Mansiysk RUS"]
[Date "2016.10.02"]
[Round "10.13"]
[White "Fawzy, Adham"]
[Black "Nurzhanov, Timur"]
[Result "1-0"]
[WhiteTitle "IM"]
[WhiteElo "2451"]
[BlackElo "2087"]
[WhiteFideId "10613129"]
[BlackFideId "13709780"]
[EventDate "2016.09.22"]

1. e4 d6 2. d4 Nf6 3. Nc3 c6 4. Be3 Qa5 5. f3 e5 6. Qd2 Nbd7 7. O-O-O b5 8. d5
cxd5 9. Kb1 d4 10. Nxb5 Qb6 11. Bf2 a6 12. Nxd4 exd4 13. Bxd4 Qc7 14. Ne2 Be7
15. g4 Ne5 16. Qe3 Nfd7 17. Ng3 Nc5 18. h3 O-O 19. f4 Nc6 20. Bc3 Na4 21. Nh5
Rb8 22. Bxg7 Ne5 23. b3 Nc3+ 24. Kc1 Qa5 25. fxe5 dxe5 26. Bxf8 Qa3+ 27. Kd2
Nxd1 28. Bxe7 Qxe7 29. Qh6 Qd6+ 30. Qxd6 1-0

[Event "World Youth Open U16 2016"]
[Site "Khanty-Mansiysk RUS"]
[Date "2016.10.02"]
[Round "10.14"]
[White "Raghunandan, Kaumandur Srihari"]
[Black "Tiglon, Bryce"]
[Result "1-0"]
[WhiteTitle "FM"]
[BlackTitle "FM"]
[WhiteElo "2451"]
[BlackElo "2292"]
[WhiteFideId "25004964"]
[BlackFideId "2087456"]
[EventDate "2016.09.22"]

1. d4 Nf6 2. c4 g6 3. Nc3 d5 4. Nf3 Bg7 5. Bf4 O-O 6. Rc1 Nh5 7. Be5 dxc4 8. e3
Be6 9. d5 Bg4 10. Bxg7 Nxg7 11. Bxc4 Nd7 12. O-O e6 13. dxe6 Nxe6 14. Ne4 Bxf3
15. gxf3 Ndc5 16. Nxc5 Qg5+ 17. Kh1 Nxc5 18. Qd5 Qf6 19. f4 b6 20. b4 Rad8 21.
Qe5 Qc6+ 22. Kg1 Rfe8 23. Qg5 Ne6 24. Qg4 Qd6 25. Bb5 Rf8 26. a3 c5 27. f5 Ng7
28. fxg6 hxg6 29. bxc5 bxc5 30. Rfd1 Qe5 31. Bc4 Qf6 32. Bd5 Rc8 33. Rc4 Nf5 34.
Rf4 Kg7 35. Kh1 Qe5 36. e4 Ne7 37. Bc4 Rc6 38. Qg3 Rf6 39. Rxf6 Qxf6 40. Rd6 Qb2
41. Kg2 Nc8 42. Bxf7 Rxf7 43. Rxg6+ Kh7 44. Rg5 Rg7 45. Qh3+ Kg8 46. Qxc8+ Kh7
47. Qh3+ Kg8 48. Qh6 Rxg5+ 49. Qxg5+ Kf7 50. Qxc5 1-0

[Event "World Youth Open U16 2016"]
[Site "Khanty-Mansiysk RUS"]
[Date "2016.10.02"]
[Round "10.15"]
[White "Gazik, Viktor"]
[Black "Mitrabha, Guha"]
[Result "1-0"]
[WhiteTitle "FM"]
[BlackTitle "FM"]
[WhiteElo "2429"]
[BlackElo "2286"]
[WhiteFideId "14928752"]
[BlackFideId "5057000"]
[EventDate "2016.09.22"]

1. d4 Nf6 2. Nf3 e6 3. Nbd2 c5 4. c3 cxd4 5. cxd4 d5 6. e3 Bd6 7. Bd3 O-O 8. O-O
b6 9. Re1 Ba6 10. Bb1 Bb7 11. Ne5 Nbd7 12. f4 Ne4 13. Nxe4 dxe4 14. Bd2 f5 15.
a3 Bd5 16. Ba2 Nf6 17. Bb4 Bxa2 18. Rxa2 Re8 19. Qb3 Nd5 20. Raa1 Qe7 21. Bxd6
Qxd6 22. Rac1 Rac8 23. g4 g6 24. Kh1 Kh8 25. Rc2 Rxc2 26. Qxc2 Qc7 27. Qg2 Rc8
28. gxf5 exf5 29. Rg1 Nxe3 30. Qh3 Ng4 31. Nxg6+ Kg7 32. Ne5 Qb7 33. Qe3 Rc2 34.
Nxg4 fxg4 35. Rxg4+ Kh8 36. f5 Qc7 37. Rg3 Rc1+ 38. Kg2 Qc4 39. Kh3 Qf1+ 40. Kg4
Rc2 41. Qxe4 Qd1+ 42. Kg5 Qd2+ 43. Kf6 Qh6+ 44. Kf7 Qh5+ 45. Rg6 hxg6 46. Qe5+ 1-0

[Event "World Youth Open U16 2016"]
[Site "Khanty-Mansiysk RUS"]
[Date "2016.10.02"]
[Round "10.16"]
[White "Saydaliev, Saidakbar"]
[Black "Trubchaninov, Timur"]
[Result "1-0"]
[WhiteElo "2403"]
[BlackElo "2233"]
[WhiteFideId "14203693"]
[BlackFideId "24176931"]
[EventDate "2016.09.22"]

1. d4 Nf6 2. Bf4 g6 3. e3 Bg7 4. Nf3 O-O 5. h3 c5 6. c3 d5 7. Bd3 Nbd7 8. Nbd2
b6 9. O-O Bb7 10. a4 a6 11. Qb1 Re8 12. b4 Ra7 13. a5 c4 14. axb6 Qxb6 15. Bc2
Rd8 16. Ra5 e6 17. e4 Ne8 18. Re1 Bf8 19. h4 Nc7 20. Qb2 Nb5 21. Rb1 Bc6 22. Ba4
Qb7 23. Ne5 Nb6 24. Bc2 Bd6 25. Nxc6 Qxc6 26. Bxd6 Qxd6 27. e5 Qe7 28. Nf3 Nd7
29. Ba4 Nc7 30. Ra1 Rb8 31. Qd2 Rb6 32. h5 Nb8 33. Qf4 Nc6 34. Bxc6 Rxc6 35. h6
Rb7 36. Nh2 Rb5 37. R5a2 Rbb6 38. Ng4 Kh8 39. Nf6 Rb8 40. Ra5 Rd8 41. R1a2 Rb6
42. Re2 Nb5 43. Qc1 Rc8 44. Rea2 1-0

[Event "World Youth Open U16 2016"]
[Site "Khanty-Mansiysk RUS"]
[Date "2016.10.02"]
[Round "10.17"]
[White "Mustafin, Andrey"]
[Black "Janik, Igor"]
[Result "1/2-1/2"]
[WhiteTitle "FM"]
[BlackTitle "FM"]
[WhiteElo "2242"]
[BlackElo "2322"]
[WhiteFideId "13406744"]
[BlackFideId "1159259"]
[EventDate "2016.09.22"]

1. Nf3 g6 2. e3 Bg7 3. d4 d6 4. Be2 Nc6 5. c4 e5 6. Nc3 f5 7. dxe5 Nxe5 8. Qc2
Ne7 9. b3 O-O 10. Bb2 N7c6 11. O-O Nxf3+ 12. Bxf3 Ne5 13. Be2 Be6 14. Rad1 Qh4
15. Nb5 Rf7 16. Nd4 Bd7 17. Nf3 Nxf3+ 18. Bxf3 Bc6 19. Bxc6 bxc6 20. Bxg7 Kxg7
21. Qc3+ Qf6 22. Qa5 c5 23. Qa6 Qe6 24. Rfe1 Re7 25. Qc6 Rf8 26. Qd5 Qxd5 27.
Rxd5 a5 28. f3 Ra8 29. a4 Rb8 30. Rd3 Ree8 31. Kf2 Rb4 32. Rc1 Kf6 33. Ke2 Reb8
34. Rcc3 Ke5 35. Kd2 Rf8 1/2-1/2

[Event "World Youth Open U16 2016"]
[Site "Khanty-Mansiysk RUS"]
[Date "2016.10.02"]
[Round "10.18"]
[White "Ozen, Bahadir"]
[Black "Villca, Julian"]
[Result "1-0"]
[WhiteTitle "FM"]
[BlackTitle "FM"]
[WhiteElo "2304"]
[BlackElo "2234"]
[WhiteFideId "6337058"]
[BlackFideId "134902"]
[EventDate "2016.09.22"]

1. g3 e5 2. Bg2 d5 3. d3 Nf6 4. Nf3 Bd6 5. O-O O-O 6. c4 dxc4 7. dxc4 h6 8. Nc3
c6 9. Qc2 Qe7 10. Nh4 Be6 11. Rd1 a5 12. h3 Na6 13. g4 Bc7 14. b3 e4 15. Be3 Nb4
16. Qd2 Nxg4 17. hxg4 Bxg4 18. a3 Qxh4 19. f4 exf3 20. exf3 Na6 21. Ne4 Bf5 22.
Nd6 Bxd6 23. Qxd6 Rad8 24. Qf4 Qxf4 25. Bxf4 Bc2 26. Re1 Rfe8 27. Rxe8+ Rxe8 28.
b4 axb4 29. axb4 Nxb4 30. Ra7 b5 31. Bd6 Nd3 32. cxb5 cxb5 33. Rb7 Re6 34. Rb8+
Kh7 35. Bf8 Re1+ 36. Kh2 Nf4 37. Bh1 Bd3 38. Bd6 Re2+ 39. Kg3 Nh5+ 40. Kh4 Rh2+ 1-0

[Event "World Youth Open U16 2016"]
[Site "Khanty-Mansiysk RUS"]
[Date "2016.10.02"]
[Round "10.19"]
[White "Turar, Dastan"]
[Black "Laurent-Paoli, Pierre"]
[Result "1/2-1/2"]
[BlackTitle "FM"]
[WhiteElo "2205"]
[BlackElo "2305"]
[WhiteFideId "13707639"]
[BlackFideId "26017962"]
[EventDate "2016.09.22"]

1. d4 Nf6 2. c4 g6 3. Nc3 d5 4. cxd5 Nxd5 5. e4 Nxc3 6. bxc3 Bg7 7. Nf3 c5 8.
Rb1 O-O 9. Be2 Nd7 10. O-O Nf6 11. Bd3 b6 12. Qe2 Qc7 13. Bd2 cxd4 14. cxd4 Bb7
15. Rfc1 Qd7 16. d5 Rac8 17. Ne5 Qa4 18. Rxc8 Rxc8 19. Bb4 Qxb4 20. Rxb4 Rc1+
21. Qf1 Rxf1+ 22. Kxf1 Nxd5 23. Ra4 a5 24. Nd7 Bc6 25. Rc4 Bxd7 26. exd5 Be5 27.
a4 Bd6 28. Be2 h5 29. g3 1/2-1/2

[Event "World Youth Open U16 2016"]
[Site "Khanty-Mansiysk RUS"]
[Date "2016.10.02"]
[Round "10.20"]
[White "Lodici, Lorenzo"]
[Black "Cadilhac, Igor Tokuichi Kikuchi"]
[Result "1-0"]
[WhiteTitle "FM"]
[BlackTitle "FM"]
[WhiteElo "2359"]
[BlackElo "2269"]
[WhiteFideId "884189"]
[BlackFideId "2132150"]
[EventDate "2016.09.22"]

1. d4 Nf6 2. c4 e6 3. Nc3 Bb4 4. e3 O-O 5. Bd3 d5 6. Nf3 c5 7. O-O Nc6 8. a3
Bxc3 9. bxc3 dxc4 10. Bxc4 Qc7 11. Qc2 e5 12. Bd3 Bg4 13. Nxe5 Nxe5 14. dxe5
Qxe5 15. f3 Be6 16. e4 Rfd8 17. f4 Qd6 18. Be2 Qc6 19. f5 Bd7 20. Bf3 Qd6 21.
Re1 Qe5 22. g3 Bc6 23. Bf4 Qe7 24. Qe2 Re8 25. e5 Nd5 26. Bd2 Qd7 27. e6 fxe6
28. fxe6 Qe7 29. Qe5 Rad8 30. Bh5 Rf8 31. Bg5 Nf6 32. Rad1 b6 33. Rf1 Rxd1 34.
Rxd1 g6 35. Rf1 Kg7 36. Be2 Ba8 37. Qf4 Qxe6 38. Bh6+ Kg8 39. Bc4 1-0

[Event "World Youth Open U16 2016"]
[Site "Khanty-Mansiysk RUS"]
[Date "2016.10.02"]
[Round "10.21"]
[White "Mirzoyan, David"]
[Black "Koziol, Kamil"]
[Result "0-1"]
[WhiteTitle "FM"]
[WhiteElo "2322"]
[BlackElo "2212"]
[WhiteFideId "13308386"]
[BlackFideId "1161555"]
[EventDate "2016.09.22"]

1. d4 d5 2. Nf3 Nf6 3. c4 e6 4. Nc3 Bb4 5. Bg5 h6 6. Bxf6 Qxf6 7. cxd5 exd5 8.
Qb3 c5 9. e3 O-O 10. dxc5 Bxc3+ 11. Qxc3 Qxc3+ 12. bxc3 Nd7 13. Rd1 Nxc5 14.
Rxd5 b6 15. Rd4 Be6 16. Bc4 Rfc8 17. Bxe6 Nxe6 18. Rd3 Rc4 19. Ne5 Rc5 20. f4
Rac8 21. Kd2 Ra5 22. Ra1 Nc5 23. Rd4 Nb3+ 24. axb3 Rxa1 0-1